Fifa 22 Top 25 England Players - Statistics

General Stats
  • This quiz has been taken 1,118 times
  • The average score is 18 of 25
Answer Stats
Rating Club Player % Correct
90 Tottenham Hotspur Harry Kane
100%
86 Leicester City Jamie Vardy
90%
88 Manchester City Raheem Sterling
88%
85 Manchester United Marcus Rashford
87%
84 Manchester City Phil Foden
86%
87 Liverpool Trent Alexander-Arnold
86%
84 Manchester United Harry Maguire
85%
85 Manchester City Kyle Walker
84%
83 Manchester City John Stones
83%
84 Liverpool Jordan Henderson
83%
84 Manchester City Jack Grealish
76%
84 Manchester United Luke Shaw
76%
83 Everton Jordan Pickford
74%
84 Atletico Madrid Kieran Trippier
74%
87 Manchester United Jadon Sancho
73%
83 Chelsea Mason Mount
67%
82 West Ham United Declan Rice
59%
82 Liverpool Joe Gomez
56%
82 Leicester City James Maddison
55%
83 Manchester United Aaron Wan-Bissaka
54%
83 Burnley Nick Pope
54%
82 Chelsea Ben Chilwell
49%
81 Leeds United Kalvin Phillips
46%
81 Everton Dominic Calvert-Lewin
44%
81 Aston Villa Danny Ings
31%
No matching quizzes found
Score Distribution
Percent of People with Each Score
Percentile by Number Answered
Your Score History
You have not taken this quiz